000 00525nam a2200205Ia 4500
005 20250326145135.0
008 250326s9999 xx 000 0 und d
037 _aTextbook
040 _aFMSL
_beng
_cFMSL
041 _aeng
_2eng
084 _aX:51:f P9
_qFMSL
100 _aMalhotra N K
245 0 _aMarketing research
_cMalhotra N K; Dash S
250 _a5
260 _aDelhi
_bDelhi, Pearson
_c2009
365 _b550
650 _aManagement
942 _cTB
_hX:51:f P9
999 _c1306513
_d1306513